| 000 | 00872nam a2200241 a 4500 | ||
|---|---|---|---|
| 001 | 57138 | ||
| 003 | BD-RjUL | ||
| 005 | 20211209080455.0 | ||
| 008 | 161206s1977 ii ||||| |||| 00| 0 ben d | ||
| 035 | _a(BD-RjUL) 57262 | ||
| 040 |
_aBD-RjUL _bben _cBD-RjUL |
||
| 041 | _aben | ||
| 082 |
_223 _a294.59214 _bSUJ 1977 |
||
| 100 |
_aশুক্ল _9169731 |
||
| 245 | 1 | 0 |
_aযজুর্বেদ-সংহিতা / _cশুক্ল; কৃষ্ণ |
| 260 |
_aকলকাতা : _bহরফ প্রকাশনী, _c১৯৭৭ |
||
| 300 |
_a৭২৮ পৃ. ; _c২২ সেমি. |
||
| 650 |
_aযজুর্বেদ _9119076 |
||
| 650 |
_aYajurveda _9119077 |
||
| 700 |
_aগোস্বামী, বিজনবিহারী, অনুবাদ ও সম্পাদনা _9127119 |
||
| 700 |
_aকৃষ্ণ _9169737 |
||
| 942 |
_2ddc _cBK |
||
| 999 |
_c57138 _d57138 |
||